Central Library OPAC University of Rajshahi

Fertility from town wastes / (Record no. 75048)

MARC details
000 -LEADER
fixed length control field 00878nam a2200301 a 4500
001 - CONTROL NUMBER
control field 75048
003 - CONTROL NUMBER IDENTIFIER
rucl marc code BD-RjUL
005 - DATE AND TIME OF LATEST TRANSACTION
control field 20211209082634.0
008 - FIXED-LENGTH DATA ELEMENTS--GENERAL INFORMATION
fixed length control field 190114s1955 enka b 000 0 eng
035 ## - SYSTEM CONTROL NUMBER
System control number (BD-RjUL)75266
System control number (OCoLC)6478674
040 ## - CATALOGING SOURCE
Original cataloging agency DLC
Transcribing agency TxCM
Modifying agency Uk
-- DLC
Language of cataloging eng
041 ## - LANGUAGE CODE
Language code of text/sound track or separate title eng
042 ## - AUTHENTICATION CODE
Authentication code premarc
082 ## - DEWEY DECIMAL CLASSIFICATION NUMBER
Edition number 23
Classification number 631.875
Author mark and year WYF 1955
100 1# - MAIN ENTRY--PERSONAL NAME
Personal name Wylie, John Capie,
Dates associated with a name 1910-
9 (RLIN) 226929
245 10 - TITLE STATEMENT
Title Fertility from town wastes /
Statement of responsibility, etc. by J.C. Wylie; Foreword by Sir Cedric Stanton Hicks.
260 ## - PUBLICATION, DISTRIBUTION, ETC. (IMPRINT)
Place of publication, distribution, etc. London:
Name of publisher, distributor, etc. Faber and Faber,
Date of publication, distribution, etc. 1955
300 ## - PHYSICAL DESCRIPTION
Pagination 224 p.
Illustrations illus.
Size 23 cm.
504 ## - BIBLIOGRAPHY, ETC. NOTE
Bibliography, etc Includes bibliography.
650 #0 - SUBJECT ADDED ENTRY--TOPICAL TERM
Topical term or geographic name as entry element Compost.
9 (RLIN) 226930
Topical term or geographic name as entry element Refuse and refuse disposal.
9 (RLIN) 226931
700 ## - ADDED ENTRY--PERSONAL NAME
Personal name Hicks, Cedric Stanton.
942 ## - ADDED ENTRY ELEMENTS (KOHA)
Source of classification or shelving scheme Dewey Decimal Classification
Koha item type Books
Holdings
Lost status Source of classification or shelving scheme Damaged status Not for loan Collection code Permanent Location Current Location Shelving location Date acquired Source of acquisition Cost, normal purchase price Total Checkouts Full call number Date last seen Copy number Koha item type
  Dewey Decimal Classification   Not For Loan Non-fiction Central Library, University of Rajshahi Central Library, University of Rajshahi Reading Room 02/02/1956 Allies Book co. 20.60   631.875 WYF 1955 14/01/2019 C-1 Books